000 00291 a2200145 4500
001 161518
020 _a
040 _cMagnum
100 _aMinisterio da Educacao e Cultura
240 1 0 _aArte popular
_lpor
245 1 0 _aArte popular
362 0 _a1899
697 _aGERAL
942 _cBK
999 _c161518
_d161518